Spanish Adverbs - Statistics

General Stats
  • This quiz has been taken 105 times
  • The average score is 51 of 97
Answer Stats
Hint Answer % Correct
no no
95%
yes si
95%
year año
89%
tomorrow mañana
89%
more más
89%
always siempre
89%
yesterday ayer
84%
day dia
84%
why por qué
84%
because porque
84%
what qué
84%
now ahora
79%
when cuando
79%
bad mal
79%
better mejor
79%
month mes
79%
nothing nada
79%
never nunca
79%
week semana
79%
late tarde
79%
good bien
74%
where donde
74%
excellent excelente
74%
today hoy
74%
a lot mucho
74%
fast rápido
74%
before antes
68%
before antes
68%
almost casi
68%
how many cuanto
68%
less menos
68%
normally normalmente
68%
all todo
68%
there allí
63%
here aquí
63%
above arriba
63%
almost never casi nunca
63%
almost always casi siempre
63%
middnight medianoche
63%
middle medio
63%
a little bit poco
63%
only sólo
63%
something algo
58%
near cerca
58%
slowly despacio
58%
between entre
58%
worse peor
58%
below abajo
53%
sometimes a veces
53%
as como
53%
later luego
53%
more or less más o menos
53%
midday mediodía
53%
early temprano
53%
already ya
53%
last night anoche
47%
day before yesterday anteayer
47%
too much demasiado
47%
out fuera
47%
far lejos
47%
there (further) allá
42%
often a menudo
42%
just like that así
42%
in front of enfrente
42%
then entonces
42%
so much tanto
42%
a little bit un poco
42%
around alrededor
37%
below debajo
37%
last year el año pasado
37%
next year el proximo año
37%
slow lento
37%
neither tampoco
37%
forward adelante
32%
now, at this moment ahora mismo
32%
behind atrás
32%
yet aún
32%
enough bastante
32%
later después
32%
never jamás
32%
last week la semana pasada
32%
enough suficiente
32%
barely apenas
26%
on (something) encima
26%
in the morning por la mañana
26%
half mitad
21%
in front delante
16%
in the next year el año que viene
16%
next week la semana que viene
16%
quickly deprisa
11%
in the mean time mientras
11%
soon proximamente
11%
maybe acaso
5%
in two years dentro de dos años
5%
weekend fin de la semana
5%
at least por los menos
5%
just tan solo
5%
No matching quizzes found
Score Distribution
Percent of People with Each Score
Percentile by Number Answered
Your Score History
You have not taken this quiz